Music Quiz

Random Music or Rock Quiz
Score 0/10 Timer 05:00
0 Plays Today
Hint Answer % Correct
Bass players former group became more well known as...Queen
100%
Band member - Bass/VocalsTim Staffell
66.7%
Band the drummer previously played withBee Gees
66.7%
Band the base player previously played withSmile
66.7%
Guitarist who featured on the original recording of 'Don't you believe it'Eric Clapton
66.7%
Goon show members who sang backing vocals on 'Make a stranger your friend'Spike Milligan & Peter Sellers
66.7%
Bass player went on to make models/sets for which TV showThomas the tank engine
66.7%
Band member - Vocals/GuitarJonathan Kelly
33.3%
Band member - Drums/ManagerColin Peterson
33.3%
Move vocalist who also sang backing vocals on above songCarl Wayne
33.3%
Remove Ads.
Support Sporcle.
Get the best of Sporcle when you Go Orange. This ad-free experience offers more features, more stats, and more fun while also helping to support Sporcle. Thank you for becoming a member.

You're not logged in!

Compare scores with friends on all Sporcle quizzes.
OR
Log In

Sporcle TV

Today on Sporcle TV


Watch our educational content, quiz creation guides, and fun videos on Sporcle TV.

Show Comments

Extras

Top Quizzes Today


Score Distribution

Paid Content

Your Account Isn't Verified!

In order to create a playlist on Sporcle, you need to verify the email address you used during registration. Go to your Sporcle Settings to finish the process.

Report this User

Report this user for behavior that violates our Community Guidelines.

Details: